Compendio de normas urbanísticas y de la construcción

Αποθηκεύτηκε σε:
Λεπτομέρειες βιβλιογραφικής εγγραφής
Κύριος συγγραφέας: Cordero Quinzacara, Eduardo (autor)
Μορφή: Βιβλίο
Γλώσσα:Ισπανικά
Έκδοση: Santiago Legal Publishing 2012
Θέματα:
Ετικέτες: Προσθήκη ετικέτας
Δεν υπάρχουν, Καταχωρήστε ετικέτα πρώτοι!

MARC

LEADER 00000cam a2200000 a 4500
001 UCF1501
003 CL-VaPUC
008 120706e20120000CL |||||||||||||||||spa|d
020 |a 9789563461985 
082 0 4 |a 346.83045  |b COR  |2 21 
100 |a Cordero Quinzacara, Eduardo  |e autor  |9 574915 
245 1 0 |a Compendio de normas urbanísticas y de la construcción 
300 |a 893 p 
942 |c BK 
945 |d 20120706 00:00:00  |a dcastane 
260 |a Santiago  |b Legal Publishing  |c 2012 
650 7 |a URBANISMO LEGISLACION  |2 CL-VaPUC  |9 563008 
651 7 |a CHILE  |2 CL-VaPUC  |9 563009 
583 |a last modification  |c 20170719 11:02:22  |k Rodrigo Vera 
999 |c 348248  |d 348246 
952 |0 0  |1 0  |4 0  |6 346_830450000000000_COR_2012  |7 0  |8 A  |9 450205  |a BIBDER  |b BIBDER  |d 2019-11-22  |i 4880099  |l 2  |o 346.83045 COR 2012  |p 4880099  |r 2023-09-27  |s 2023-09-27  |w 2019-11-22  |y BK  |k DER